000 00871nam a2200277Ia 4500
001 Para_8334
003 CHAP
008 220125s9999 xx 000 0 und d
010 _a207196
040 _cCHAP
082 _aPA-C 595.752 A6
100 _aDavis, John J.
_931274
245 _aA new aphid on the Virginia creeper :
_b (Aphis folsomii n. sp.) /
_c by John J. Davis
300 _a4 p.
440 _aAphidae; 12
_9173708
500 _aSobretiro de: Ent. News 19 (4): 143-146 p. 1908. Encuadernado con otros impresos similares
650 _a
_x Afididos
_x Colecciones de escritos
_x Afididos
_x Virginia
_9173712
710 _aEntomological News 19 (4)
_9173713
901 _aPA-C 595.752 A6
902 _aA
905 _a000000 0000000000 00
910 _a
942 _cPARA
942 _cPARA
_d1
999 _c207196
_d207196